000 01251cam a22003497i 4500
001 15865495
003 EG-ScBUE
005 20230220054857.0
008 090812t2009 cauko f 001 0 eng d
020 _a0321410211 (pbk.)
020 _a9780321410214 (pbk.)
040 _aUKM
_beng
_erda
_cUKM
_dEG-ScBUE
_dEG-ScBUE
082 0 4 _a775.02856686
_bTHR
_222
100 1 _aThreinen-Pendarvis, Cher,
_eauthor.
_939173
245 1 0 _aBeyond digital photography :
_btransforming photos into fine art with photoshop and painter /
_cCher Threinen-Pendarvis and Donal Jolley.
264 1 _aBerkeley, CA :
_bPeachpit Press,
_c[2009]
264 4 _cc2009
300 _axv, 240 pages :
_bforms (color), photographs (color) ;
_c24 cm
336 _2rdacontent
_atext
_btxt
337 _2rdamedia
_aunmediated
_bn
338 _2rdacarrier
_avolume
_bnc
500 _aIncludes index.
630 0 7 _aAdobe Photoshop.
_2BUEsh
_937025
630 0 7 _aCorel Painter (Computer file)
_2BUEsh
650 7 _aPhotography
_xDigital techniques.
_2BUEsh
_937027
650 7 _aPhotography
_xRetouching.
_2BUEsh
651 _2BUEsh
653 _bCOMAME
_cAugust2015
_cJanuary2016
655 _vReading book
700 1 _aJolley, Donal,
_eauthor.
942 _2ddc
_k775.02856686 THR
_cBB
999 _c20485
_d20457